| 000 | 00380nam a2200157Ia 4500 | ||
|---|---|---|---|
| 008 | 210210b1946 xxu||||| |||| 00| 0 eng d | ||
| 041 | _aeng | ||
| 082 | _a829/1164 | ||
| 100 | _aTROLLOPE (A) | ||
| 245 | _aScarboroughs family | ||
| 260 |
_aLondon _bOxford University Press _c1946 |
||
| 650 | _aScarboroughs | ||
| 650 | _afamily | ||
| 690 | _aEnglish Fiction | ||
| 906 | _a017776 | ||
| 999 |
_c137760 _d137760 |
||